| 000 | 01377nam a2200361 a 4500 | ||
|---|---|---|---|
| 001 | 000108557 | ||
| 003 | CHAP | ||
| 005 | 20220329144017.0 | ||
| 008 | 140224s2012 mx a sm |||||||spa d | ||
| 010 | _a105019 | ||
| 011 | _a105991 | ||
| 040 | _cCHAP | ||
| 090 | _aTesis | ||
| 100 | 1 |
_aRivera Ramírez, Juan Manuel _9125578 |
|
| 245 | 1 | 0 |
_aAnálisis crítico de la inserción femenina en los movimientos sociales contenporaneos _h[En línea] _cpor Juan Manuel Rivera Ramírez. |
| 260 |
_aChapingo, Méx. : _bEl autor., _c2012. |
||
| 500 | _aPara ver el contenido del material haga clic en la liga | ||
| 502 | _aTesis (Ing. Agr. Esp. en Sociología Rural) -- UACH. Departamento Sociología Rural | ||
| 590 |
_aBATCH-UPD _b05 _c20140224 _lUCH01 _h1256 |
||
| 590 |
_aBATCH-UPD _b05 _c20140324 _lUCH01 _h1535 |
||
| 590 |
_aBATCH-UPD _b05 _c20141002 _lUCH01 _h0856 |
||
| 590 |
_aE5652GLJ _b05 _c20140224 _lUCH01 _h1256 |
||
| 590 |
_aE5652GLJ _b05 _c20140224 _lUCH01 _h1300 |
||
| 590 |
_aE5652GLJ _b05 _c20141029 _lUCH01 _h0910 |
||
| 590 |
_aE5652GLJ _b05 _c20141029 _lUCH01 _h0919 |
||
| 650 | 1 | 4 |
_aMujer _xSituación social _zMéxico (Edo.). _979342 |
| 650 | 1 | 4 |
_aMujeres _xCondiciones sociales. _979401 |
| 650 | 1 | 4 |
_aMujeres _xMovimientos sociales. _9125586 |
| 856 |
_aFinding aid _uhttp://10.13.5.2/tesis/sist108557.pdf _zTeclea aquí |
||
| 901 | _aBK | ||
| 942 | _cTESIS | ||
| 942 | _n0 | ||
| 999 |
_c105019 _d105019 |
||